| 000 | 00363nam a22001337a 4500 | ||
|---|---|---|---|
| 040 | _cNUST | ||
| 082 | _a200 THE | ||
| 100 |
_aTAYYABA NAFEES _986902 |
||
| 110 |
_aDR SHOAB A KHAN _986903 |
||
| 245 | _aTH-SOF-0853-POSIX.1 CONFORMANCE FOR ANDROID APPLICATIONS | ||
| 260 |
_aISLAMABAD _bNUST COLLEGE OF EME _c2012 |
||
| 650 |
_aMS-CSE-11 _986904 |
||
| 942 |
_2ddc _cTHE |
||
| 999 |
_c587435 _d587435 |
||